| 000 | 00848cam a22002653a 4500 | ||
|---|---|---|---|
| 001 | 32979 | ||
| 003 | PGUSA | ||
| 005 | 20140828083720.0 | ||
| 008 | 100626s2010||||xxu|||||s|||||000 | eng d | ||
| 040 |
_aPGUSA _beng |
||
| 042 | _adc | ||
| 050 | 4 | _aML | |
| 100 | 1 |
_aVan Vechten, Carl, _d1880-1964 |
|
| 245 | 1 | 0 |
_aInterpreters _h[electronic resource] / _cCarl Van Vechten |
| 260 |
_bProject Gutenberg, _c2010 |
||
| 505 | 0 | _aOlive Fremstad -- Geraldine Farrar -- Mary Garden -- Feodor Chaliapine -- Mariette Mazarin -- Yvette Guilbert -- Waslav Nijinsky -- Epilogue. | |
| 506 | _aPublic domain in the USA. | ||
| 516 | _aElectronic text | ||
| 653 | _aNijinsky, Vaslaw, 1890-1950 | ||
| 653 | _aOpera | ||
| 653 | _aSingers -- Biography | ||
| 830 | 0 |
_aProject Gutenberg _v32979 |
|
| 856 | 4 | 0 | _uhttp://www.gutenberg.org/ebooks/32979 |
| 942 | _cEB | ||
| 999 |
_c262234 _d262234 |
||